|
|
|
|
| LEADER |
00000nam0a2200000 4500 |
| 001 |
188379 |
| 005 |
20231101224130.0 |
| 010 |
|
|
|a 9785238017549
|
| 035 |
|
|
|a (RuTPU)RU\TPU\book\204620
|
| 090 |
|
|
|a 188379
|
| 100 |
|
|
|a 20101208d2010 k y0rusy50 ca
|
| 101 |
0 |
|
|a rus
|
| 102 |
|
|
|a RU
|
| 105 |
|
|
|a y z 001zy
|
| 200 |
1 |
|
|a Бюджетные и налоговые отношения в городе Москва. Теоретические и методологические аспекты
|e монография
|f М. Е. Косов, Е. А. Зеленская
|
| 210 |
|
|
|a Москва
|c ЮНИТИ-ДАНА
|d 2010
|
| 215 |
|
|
|a 175 с.
|
| 320 |
|
|
|a Библиогр.: с. 161-167.
|
| 330 |
|
|
|a Освещаются теоретические и практические основы бюджетных отношений, включая понятие, правовую форму и роль государственного, регионального и местного бюджетов, определены принципы функционирования бюджетной системы Российской Федерации. Дана характеристика доходам и расходам бюджета, а также определено функционирование внебюджетных фондов. Особое внимание уделено вопросам совершенствования финансово-налоговой политики государства и разработанному прогнозу доходных поступлений в бюджет города от распоряжения земельно-имущественными ресурсами. Для студентов высших учебных заведений экономических специальностей, аспирантов и преподавателей, научных работников.
|
| 606 |
1 |
|
|a Бюджет
|x Финансы
|y Россия
|y СССР
|2 stltpush
|3 (RuTPU)RU\TPU\subj\35954
|9 57493
|
| 606 |
1 |
|
|a Налоги
|2 stltpush
|3 (RuTPU)RU\TPU\subj\36467
|9 57834
|
| 610 |
1 |
|
|a теория
|
| 610 |
1 |
|
|a методология
|
| 610 |
1 |
|
|a местные налоги
|
| 610 |
1 |
|
|a местные бюджеты
|
| 610 |
1 |
|
|a Москва
|
| 610 |
1 |
|
|a государственный бюджет
|
| 610 |
1 |
|
|a история
|
| 610 |
1 |
|
|a бюджетная система
|
| 610 |
1 |
|
|a управление
|
| 610 |
1 |
|
|a имущественные отношения
|
| 610 |
1 |
|
|a мегаполисы
|
| 686 |
|
|
|a У9(2)261.3
|v LBC/SL-A
|2 rubbk
|
| 686 |
|
|
|a У9(2)261.4
|v LBC/SL-A
|2 rubbk
|
| 700 |
|
1 |
|a Косов
|b М. Е.
|g Михаил Евгеньевич
|
| 701 |
|
1 |
|a Зеленская
|b Е. А.
|g Елена Александровна
|
| 801 |
|
1 |
|a RU
|b 63413507
|c 20101208
|
| 801 |
|
2 |
|a RU
|b 63413507
|c 20151216
|g RCR
|
| 942 |
|
|
|c BK
|
| 959 |
|
|
|a 89/20101208
|d 1
|e 300,00
|f ЧЗГЛ:1
|